Normal view
MARC view
- Denning, Alfred Thompson Denning,
Entry Personal Name
001 - CONTROL NUMBER
- control field: 128587
003 - CONTROL NUMBER IDENTIFIER
- control field: NUST
005 - DATE AND TIME OF LATEST TRANSACTION
- control field: 20250328103531.0
008 - FIXED-LENGTH DATA ELEMENTS
- fixed length control field: 250328|| aca||aabn | a|a d
040 ## - CATALOGING SOURCE
- Original cataloging agency: NUST
- Transcribing agency: NUST
100 ## - HEADING--PERSONAL NAME
- Personal name: Denning, Alfred Thompson Denning,
- Titles and other words associated with a name: Baron,
- Dates associated with a name: 1899-1999
670 ## - SOURCE DATA FOUND
- Source citation: Work cat.: (NUST)0: Denning, Alfred Thompson Denning, Baron, 1899-1999., What next in the law /, 1982.
